| 000 | 02503nka a2200385 i 4500 | ||
|---|---|---|---|
| 001 | 102931 | ||
| 003 | ES-MaACL | ||
| 005 | 20250831105021.0 | ||
| 007 | t| | ||
| 008 | 051220q1858 sp f | |r||1c|spa d | ||
| 100 | 1 |
_aMartínez Aparici, Domingo, _d1822-1898 _edrm _eetr _977862 |
|
| 245 | 1 | 4 |
_a[El patricio revela su sueño al papa] _h[Material gráfico] / _cB. E. Murillo lo pintó ; D. Martínez lo dibujó y grabó en 1858 |
| 260 |
_a[Madrid] : _bCalcografía de la Imp. Nacional, _c[1858] |
||
| 300 |
_a1 estampa : _bgrabado calcográfico ; _c700 x 450 mm |
||
| 490 | 1 |
_aColección facticia de grabados ; _v11 _9184692 |
|
| 500 | _aInscripción: "Nonis Augusti, Joanni ejusque uxori scorsum Virgo Mater visa est nivem demissam referre, ipsosque jubere, ut in eo loco, quem nix occupasset, templum suis sumptibus aedificarent. Hanc visionem cum Joannes ad Liberium Pontificem retulisset, idem sibi visum contigisse Pontifex asseveravit" | ||
| 520 | _aCopia del cuadro de Murillo que se conserva en el Museo del Prado, formando pareja con "El sueño del patricio Juan", ambos sobre la fundación de Santa María Maggiore en Roma. Composición en medio punto, en los ángulos, en círculos, planta y alzado de la iglesia. Murillo dividió el milagro de la fundación de la Basílica de Santa María la Mayor en 2 partes; esta estampa representa la segunda parte, siendo la primera "El sueño del patricio Juan" | ||
| 530 | _aDisponible en formato digital | ||
| 594 | _5Título del cuadro de Murillo: "El patricio revela su sueño al papa Liberio" | ||
| 600 | 0 | 4 |
_aLiberio, _cPapa _9241809 |
| 610 | 2 | 0 |
_aIglesia de Santa Maria Maggiore (Roma) _9241946 |
| 655 | 7 |
_aGrabados calcográficos _2tgfbne _9241761 |
|
| 655 | 7 |
_aGrabados _2tgfbne _9226846 |
|
| 655 | 4 |
_aReproducciones de obras de arte _9241931 |
|
| 700 | 1 |
_aMurillo, Bartolomé Esteban, _d1617-1682 _eart _984581 |
|
| 710 | 2 |
_aCalcografía Nacional (España) _eedt _92350 |
|
| 740 | 3 | 2 | _aLa fundación de Santa Maria Maggiore de Roma II |
| 830 | 0 |
_aColección facticia de grabados ; _v11 _9184692 |
|
| 852 | 4 |
_aES-MaACL _cDEPO2 _jGF-2(11) |
|
| 856 | 4 |
_uhttps://www.academiacolecciones.com/estampas/inventario.php?id=GR-1558 _yVersión en línea _z(Real Academia de Bellas Artes de San Fernando) |
|
| 856 | 4 |
_uhttps://patrimoniodigital.ucm.es/s/patrimonio/item/1534048 _yVersión en línea _z(Patrimonio Digital Complutense) |
|
| 942 |
_2udc _cDIBGRB _n0 |
||
| 999 |
_c102931 _d102931 |
||